Statistiques concernant Top 15 des villes les plus peuplées du Grand Est

Cliquez ici pour prendre le quiz!

Statistiques générales

  • Ce quiz a été pris 81 fois
  • Le résultat moyen est 10 sur 15

Statistiques - réponses

PopulationsVilles% Correct
291 313Strasbourg
99%
120 874Metz
97%
104 260Nancy
94%
106 341Mulhouse
90%
67 730Colmar
89%
179 380Reims
87%
62 782Troyes
77%
32 285Épinal
76%
46 398Charleville-Mézières
71%
43 877Châlons-en-Champagne
64%
42 163Thionville
61%
35 715Haguenau
51%
34 129Schiltigheim
29%
29 537Vandoeuvre-lès-Nancy
23%
27 118Illkirch-Graffenstaden
17%

Distribution des résultats

Percentile par nombre de réponses

% des personnes avec chaque résultat

Votre développement - résultats

Vous n’avez pas pris ce quiz